<?xml version="1.0" encoding="UTF-8"?>
<record
    xmlns:xsi="http://www.w3.org/2001/XMLSchema-instance"
    xsi:schemaLocation="http://www.loc.gov/MARC21/slim http://www.loc.gov/standards/marcxml/schema/MARC21slim.xsd"
    xmlns="http://www.loc.gov/MARC21/slim">

  <leader>01536nmc a22002657a 4500</leader>
  <datafield tag="999" ind1=" " ind2=" ">
    <subfield code="c">93008</subfield>
    <subfield code="d">93008</subfield>
  </datafield>
  <controlfield tag="003">NALT</controlfield>
  <controlfield tag="005">20210528100858.0</controlfield>
  <controlfield tag="006">m||||gq||h| 00| 0 </controlfield>
  <controlfield tag="007">co cgaaaaaa</controlfield>
  <controlfield tag="008">170712b        th ||||gq||h| 00| 0 tha d</controlfield>
  <datafield tag="040" ind1=" " ind2=" ">
    <subfield code="a">NALT</subfield>
  </datafield>
  <datafield tag="090" ind1=" " ind2=" ">
    <subfield code="a">CD 2719/1, CD 2719/2</subfield>
  </datafield>
  <datafield tag="110" ind1="2" ind2=" ">
    <subfield code="a">&#xE2A;&#xE33;&#xE19;&#xE31;&#xE01;&#xE07;&#xE32;&#xE19;&#xE40;&#xE25;&#xE02;&#xE32;&#xE18;&#xE34;&#xE01;&#xE32;&#xE23;&#xE2A;&#xE20;&#xE32;&#xE1C;&#xE39;&#xE49;&#xE41;&#xE17;&#xE19;&#xE23;&#xE32;&#xE29;&#xE0E;&#xE23;.</subfield>
    <subfield code="b">&#xE2A;&#xE16;&#xE32;&#xE19;&#xE35;&#xE27;&#xE34;&#xE17;&#xE22;&#xE38;&#xE01;&#xE23;&#xE30;&#xE08;&#xE32;&#xE22;&#xE40;&#xE2A;&#xE35;&#xE22;&#xE07;&#xE41;&#xE25;&#xE30;&#xE27;&#xE34;&#xE17;&#xE22;&#xE38;&#xE42;&#xE17;&#xE23;&#xE17;&#xE31;&#xE28;&#xE19;&#xE4C;&#xE23;&#xE31;&#xE10;&#xE2A;&#xE20;&#xE32;</subfield>
    <subfield code="9">2401</subfield>
  </datafield>
  <datafield tag="245" ind1="1" ind2="0">
    <subfield code="a">&#xE2A;&#xE32;&#xE23;&#xE04;&#xE14;&#xE35;&#xE0A;&#xE38;&#xE14; &#xE01;&#xE29;&#xE31;&#xE15;&#xE23;&#xE34;&#xE22;&#xE4C;&#xE19;&#xE31;&#xE01;&#xE1B;&#xE23;&#xE30;&#xE0A;&#xE32;&#xE18;&#xE34;&#xE1B;&#xE44;&#xE15;&#xE22; &#xE15;&#xE2D;&#xE19;&#xE17;&#xE35;&#xE48; 13 &#xE1E;&#xE23;&#xE30;&#xE23;&#xE32;&#xE0A;&#xE19;&#xE34;&#xE22;&#xE21;&#xE20;&#xE32;&#xE1E;&#xE22;&#xE19;&#xE15;&#xE23;&#xE4C; [electronic resources] /</subfield>
    <subfield code="c">&#xE42;&#xE17;&#xE23;&#xE17;&#xE31;&#xE28;&#xE19;&#xE4C;&#xE23;&#xE31;&#xE10;&#xE2A;&#xE20;&#xE32; &#xE14;&#xE34;&#xE08;&#xE34;&#xE17;&#xE31;&#xE25; &#xE0A;&#xE48;&#xE2D;&#xE07; 10.</subfield>
  </datafield>
  <datafield tag="260" ind1="1" ind2="0">
    <subfield code="a">&#xE01;&#xE23;&#xE38;&#xE07;&#xE40;&#xE17;&#xE1E;&#xE2F; :</subfield>
    <subfield code="b">&#xE42;&#xE17;&#xE23;&#xE17;&#xE31;&#xE28;&#xE19;&#xE4C;&#xE23;&#xE31;&#xE10;&#xE2A;&#xE20;&#xE32;,</subfield>
    <subfield code="c">&#xE21;.&#xE1B;.&#xE1B;.</subfield>
  </datafield>
  <datafield tag="300" ind1=" " ind2=" ">
    <subfield code="a">1 &#xE0B;&#xE35;&#xE14;&#xE35;-&#xE23;&#xE2D;&#xE21; : </subfield>
    <subfield code="b">&#xE40;&#xE2A;&#xE35;&#xE22;&#xE07;, &#xE2A;&#xE35; ;</subfield>
    <subfield code="c">4 3/4 &#xE19;&#xE34;&#xE49;&#xE27;.</subfield>
  </datafield>
  <datafield tag="600" ind1="0" ind2="0">
    <subfield code="a">&#xE1B;&#xE01;&#xE40;&#xE01;&#xE25;&#xE49;&#xE32;&#xE40;&#xE08;&#xE49;&#xE32;&#xE2D;&#xE22;&#xE39;&#xE48;&#xE2B;&#xE31;&#xE27;, </subfield>
    <subfield code="c">&#xE1E;&#xE23;&#xE30;&#xE1A;&#xE32;&#xE17;&#xE2A;&#xE21;&#xE40;&#xE14;&#xE47;&#xE08;&#xE1E;&#xE23;&#xE30;,</subfield>
    <subfield code="d">2436-2484</subfield>
    <subfield code="9">10802</subfield>
  </datafield>
  <datafield tag="650" ind1=" " ind2="0">
    <subfield code="a">&#xE1B;&#xE23;&#xE30;&#xE0A;&#xE32;&#xE18;&#xE34;&#xE1B;&#xE44;&#xE15;&#xE22; </subfield>
    <subfield code="z">&#xE44;&#xE17;&#xE22;</subfield>
    <subfield code="9">6865</subfield>
  </datafield>
  <datafield tag="650" ind1=" " ind2="0">
    <subfield code="a">&#xE1B;&#xE23;&#xE30;&#xE0A;&#xE32;&#xE18;&#xE34;&#xE1B;&#xE44;&#xE15;&#xE22;</subfield>
    <subfield code="x">&#xE1B;&#xE23;&#xE30;&#xE27;&#xE31;&#xE15;&#xE34;&#xE28;&#xE32;&#xE2A;&#xE15;&#xE23;&#xE4C;</subfield>
    <subfield code="9">5815</subfield>
  </datafield>
  <datafield tag="650" ind1=" " ind2="4">
    <subfield code="a">&#xE20;&#xE32;&#xE1E;&#xE22;&#xE19;&#xE15;&#xE23;&#xE4C;&#xE44;&#xE17;&#xE22; </subfield>
    <subfield code="9">5661</subfield>
  </datafield>
  <datafield tag="850" ind1=" " ind2=" ">
    <subfield code="a">NALT</subfield>
  </datafield>
  <datafield tag="942" ind1=" " ind2=" ">
    <subfield code="c">DVD</subfield>
    <subfield code="2">local</subfield>
  </datafield>
  <datafield tag="998" ind1=" " ind2=" ">
    <subfield code="a">bijaya</subfield>
    <subfield code="a">M</subfield>
    <subfield code="j">1020</subfield>
    <subfield code="k"> &#xE08;&#xE33;&#xE40;&#xE23;&#xE35;&#xE22;&#xE07; &#xE23;&#xE30;&#xE27;&#xE31;&#xE07;&#xE2A;&#xE33;&#xE42;&#xE23;&#xE07;</subfield>
  </datafield>
  <datafield tag="952" ind1=" " ind2=" ">
    <subfield code="0">0</subfield>
    <subfield code="1">0</subfield>
    <subfield code="2">local</subfield>
    <subfield code="4">0</subfield>
    <subfield code="7">0</subfield>
    <subfield code="8">CAV</subfield>
    <subfield code="a">NALT</subfield>
    <subfield code="b">NALT</subfield>
    <subfield code="d">2017-07-12</subfield>
    <subfield code="l">0</subfield>
    <subfield code="o">CD 2719/1</subfield>
    <subfield code="p">3961197740</subfield>
    <subfield code="r">2017-11-06 00:00:00</subfield>
    <subfield code="t">C. 1</subfield>
    <subfield code="w">2017-07-12</subfield>
    <subfield code="y">DVD</subfield>
  </datafield>
  <datafield tag="952" ind1=" " ind2=" ">
    <subfield code="0">0</subfield>
    <subfield code="1">0</subfield>
    <subfield code="2">local</subfield>
    <subfield code="4">0</subfield>
    <subfield code="7">0</subfield>
    <subfield code="8">CAV</subfield>
    <subfield code="a">NALT</subfield>
    <subfield code="b">NALT</subfield>
    <subfield code="d">2017-10-25</subfield>
    <subfield code="l">0</subfield>
    <subfield code="o">CD 2719/2</subfield>
    <subfield code="p">3961197741</subfield>
    <subfield code="r">2017-11-06 00:00:00</subfield>
    <subfield code="t">C. 2</subfield>
    <subfield code="w">2017-10-25</subfield>
    <subfield code="y">DVD</subfield>
  </datafield>
</record>
